000 00372nam a22001217a 4500
999 _c3303
_d3303
005 20201123133710.0
008 201123b ||||| |||| 00| 0 eng d
020 _a0852441312
040 _cCML
245 _aOpting Out: Catholic Schools Today.
_cEgan J.
260 _aHerefordshire
_bFowler Wright Books Ltd
_c1988
942 _2ddc
_cBK
_e1st Edition
_h373
_mEGA